Kŏnsŏl kyotʻong tʻonggye yŏnbo. Yearbook of construction & transportation statistics. Kŏnsŏl pumun =

Saved in:
Bibliographic Details
New Title:Kŏnsŏl kyotʻong tʻonggye yŏnbo. Kyotʻong pumun
Kŏnsŏl kyotʻong tʻonggye yŏnbo
Previous Title:Kŏnsŏl tʻonggye pʻyŏllam
Corporate Author: Korea (South). Kŏnsŏl Kyotʻongbu.
Format: Serial
Language:Korean
Published: Kyŏnggi-do Kwachʻŏn-si : Kŏnsŏl Kyotʻongbu, 1995-1999.
Subjects:
Tags: Add Tag
No Tags, Be the first to tag this record!
LEADER 02158cas a2200469 a 4500
001 007760681-7
005 20070712142319.0
008 961029d19951999ko ar s 0 0kor
010 |a  96657724  
035 0 |a ocm35810113 
040 |a DLC  |c DLC  |d OCLCQ  |d HMY 
041 0 |a koreng 
042 |a lc 
043 |a a-ko--- 
050 0 0 |a HD9715.K8  |b K6519 
245 0 0 |6 880-01  |a Kŏnsŏl kyotʻong tʻonggye yŏnbo.  |p Kŏnsŏl pumun =  |b Yearbook of construction & transportation statistics. 
246 3 |a Year book of construction and transportation statistics 
246 3 1 |a Yearbook of construction & transportation statistics 
260 |6 880-02  |a Kyŏnggi-do Kwachʻŏn-si :  |b Kŏnsŏl Kyotʻongbu,  |c 1995-1999. 
300 |a 5 v. ;  |c 26 cm. 
310 |a Annual 
362 1 |a Began in 1995; ceased in 1999. 
500 |a Description based on: 1995. 
500 |a Final issue consulted. 
546 |a Korean and some English. 
580 |a Mergered with: Kŏnsŏl kyotʻong tʻonggye yŏnbo. Kyotʻong pumun, to form: Kŏnsŏl kyotʻong tʻonggye yŏnbo. 
650 0 |a Construction industry  |z Korea (South)  |v Statistics  |v Periodicals. 
650 0 |a Transportation  |z Korea (South)  |v Statistics  |v Periodicals. 
651 0 |a Korea (South)  |v Statistics  |v Periodicals. 
710 1 |6 880-03  |a Korea (South).  |b Kŏnsŏl Kyotʻongbu. 
780 0 0 |6 880-04  |t Kŏnsŏl tʻonggye pʻyŏllam  |w (OCoLC)26977135 
785 1 7 |6 880-05  |t Kŏnsŏl kyotʻong tʻonggye yŏnbo. Kyotʻong pumun  |w (DLC)sn 97044042  |w (OCoLC)36294981 
785 1 7 |6 880-06  |t Kŏnsŏl kyotʻong tʻonggye yŏnbo  |w (DLC) 2007234913  |w (OCoLC)154000291 
880 0 0 |6 245-01  |a 建設交通統計年報.  |p 建設部門 =  |b Yearbook of construction & transportation statistics. 
880 |6 260-02  |a 京畿道果川市 :  |b 建設交通部,  |c 1995-1999. 
880 1 |6 710-03  |a Korea (South).  |b 建設交通部. 
880 0 0 |6 780-04  |t 建設統計便覧  |w (OCoLC)26977135 
880 1 7 |6 785-05  |t 건설교통통계연보. 교통부문  |w (DLC)sn 97044042  |w (OCoLC)36294981 
880 1 7 |6 785-06  |t 건설교통통계연보  |w (DLC) 2007234913  |w (OCoLC)154000291 
988 |a 20021201 
049 |a HMYK  |o d 
906 |0 DLC